000 00916nam a22002777a 4500
001 03558
003 HDC
007 cr bn ---aaaaa
008 210110t1997 flu||||| |||| 00| 0 eng
020 _a9781566701679
040 _aHDC
245 0 _aAgrochemicals Desk Reference : 2nd Edition :
_bFenamiphos
260 _aBoca Raton, Florida :
_b CRC Press,
_c1997
300 _a209 pages
336 _atext
_2rdacontent
337 _acomputer
_2rdamedia
338 _aonline resource
_2rdacarrier
500 _aInclude bibliographical references and index
650 _aAgricultural chemicals
_93063
650 _aEnvironmental Fate
_93064
650 _aFenbutatin oxide
_93065
856 _zRequest full-text at [email protected]
942 _2lcc
942 _cCHAP
942 _kEBCH 001604
999 _c908
_d908